[Event "Stay Safe Play From Home 292"]
[Site "Emanuel Lasker Arena"]
[Date "2020.07.10"]
[Round "7"]
[White "Lazieri3"]
[Black "Broken sword"]
[Result "0-1"]
[WhiteElo "2078"]
[BlackElo "2505"]
[Annotator "TA"]
[PlyCount "152"]
[EventDate "2020.07.10"]
[EventType "swiss (blitz)"]

{[%evp 9,152,12,14,8,21,14,89,0,0,-29,-16,-34,12,-15,-13,-10,-2,-20,-2,-18,0,-6,0,0,9,0,0,-87,-87,-79,-59,-66,-66,-242,0,-60,-60,-68,-59,-77,-69,-270,-66,-264,-113,-118,-130,-110,0,0,0,0,0,0,27,25,33,28,315,314,528,522,504,503,443,391,567,536,552,549,526,511,588,468,472,0,516,0,398,307,754,677,1280,1280,1280,1287,1280,1233,1125,0,1071,0,944,0,770,0,1240,-29971,-29972,-29972,-29971,-29973,-29974,-29974,-250,-250,-243,-243,-243,-250,-250,-250,0,-250,0,-250,-250,-250,-250,-250,29986,-29975,-250,-29975,-250,-29975,-29971,-29973,-243,-29967,-29966,-29964,-249,-249,0,0,0,0,0,0,0,0,0,0,0]} 1. e4 c5 2. Nc3 e6 3. d3 a6 4. Nf3 d5 5. exd5 exd5 6. d4 {B40: Sicilian: 2...e6, Unusual lines.} c4 {[#]} 7. Bf4 $146 ({Predecessor:} 7. Be2 Nf6 8. O-O Be7 9. Bg5 O-O 10. b3 b5 11. bxc4 dxc4 12. Bxf6 Bxf6 13. h3 {0-1 (39) Djokic,M-Kote,A (1135) Ohrid 2018}) 7... Nc6 (7... Bb4 $11) 8. Ne5 (8. Bxc4 $1 $16 dxc4 9. d5) 8... Nf6 $11 9. Nxc6 (9. g3 {is interesting.} Bb4 10. Bg2 O-O 11. O-O Bxc3 12. bxc3 Nxe5 13. dxe5 Ne4 14. Bxe4 dxe4 15. Qxd8 Rxd8 16. a4) 9... bxc6 10. Be2 Bf5 11. Bf3 Be7 12. O-O O-O 13. Re1 Re8 14. Ne2 Qb6 15. b3 cxb3 16. axb3 a5 17. Ng3 Bg6 18. Nh5 (18. Qd2 $11 {keeps the balance.}) 18... Nxh5 19. Bxh5 Bb4 $36 {[%mdl 2048] White is under pressure.} 20. Rxe8+ Rxe8 21. Bxg6 $2 (21. Be2 $15) 21... hxg6 $2 (21... Re1+ $19 22. Qxe1 Bxe1 23. Rxe1 hxg6) 22. Bd2 (22. Be3 $11) 22... Qxd4 $15 23. Bxb4 Qxb4 {[%mdl 4096] Endgame KQR-KQR} 24. h3 d4 25. Qd3 $2 ({Better is} 25. Kf1 $15) 25... c5 $2 (25... Re1+ $19 26. Rxe1 Qxe1+ 27. Qf1 Qe5) 26. Ra4 $2 {[#]} ({White should play} 26. Kf1 $15) 26... Re1+ (26... Qe1+ $1 $19 {is more deadly.} 27. Qf1 Qd2) 27. Kh2 $17 Qb8+ 28. Qg3 Qxg3+ (28... Qd8 $17 {Hoping for ...Re2.} 29. Qf3 Kh7) 29. Kxg3 {KR-KR} Re2 30. Rc4 Re5 31. Ra4 f5 32. Rxa5 {Threatens to win with b4!} Kf7 33. b4 Re2 $2 {[%mdl 8192]} (33... Ke6 $1 $11 {and Black stays safe.}) 34. Rxc5 $18 g5 $2 (34... d3 {was called for.} 35. cxd3 Rd2 36. Rc7+ Kf6 37. Rc6+ Kg5 38. f4+ Kh5) 35. Rxf5+ Ke6 36. Rxg5 Rxc2 37. Kf3 Rc3+ (37... Kf6 {might work better.} 38. Rd5 Rc4) 38. Ke2 Rb3 39. b5 Kf6 40. Rd5 Rb2+ 41. Kf3 Rb3+ 42. Ke2 Rb2+ $1 43. Kf3 $2 (43. Kd3 $18) 43... Ke6 $2 {[%mdl 8192]} (43... Rb3+ $1 $11 44. Ke4 d3) 44. Rxd4 Rb3+ $2 (44... Rxb5 45. g3 Kf5 46. Rf4+ Ke6) 45. Kg4 Rxb5 46. Rf4 g6 47. Kg3 Ke7 48. Rf3 Ke6 49. Rf4 $2 ({White should try} 49. Kh2 $18 Ke7 50. Ra3) 49... Rb3+ $2 {[%mdl 8192]} (49... Ke7 $11 50. Kg4 Rd5) 50. Rf3 $2 (50. Kh2 $18 Ke5 51. Rg4) 50... Rb4 $2 {[%mdl 8192]} (50... Rb5 $11 51. Kg4 Ke7) 51. Rf4 $2 (51. Kh2 $18 {And now g4 would win.} g5 52. g4) 51... Rb5 $2 {[%mdl 8192]} (51... Rb3+ $11 52. Kg4 Rb5) 52. Rf3 $2 (52. Kg4 $18 {Strongly threatening g3.} Ke7 53. g3) 52... g5 $2 {[%mdl 8192]} (52... Rb4 $11 53. Rf4 Rb6) 53. Rf4 $4 {[%mdl 8192]} (53. h4 $18 Ra5 54. Kg4 gxh4 55. Kxh4) 53... gxf4+ 54. Kxf4 {KR-K3P} Kf6 55. g4 Rb4+ 56. Kg3 Kg5 $2 (56... Ke5 57. f3 Rb1 58. f4+ Ke4 59. f5 Rb3+ 60. Kh4 Ke5 61. Kg5 Rxh3 62. Kg6 Rf3 63. Kf7 {[#]} Rf4 $1 {[%mdl 512]} 64. Ke7 Rb4 65. Kd7 Rxg4 66. Kc6 Kxf5 67. Kd5 Kf6 68. Kc6 Ke5 69. Kc5 Ke6 70. Kb6 Kd6 71. Kb5 Rd4 72. Kb6 Rd5 73. Kb7 Rb5+ 74. Ka6 Kc6 75. Ka7 Kc7 76. Ka6 Re5 77. Ka7 Ra5#) 57. f4+ Kf6 58. h4 Rb3+ 59. Kg2 Ra3 60. Kf2 Rb3 61. Kg2 $1 Ra3 62. Kf2 $1 Rh3 63. h5 Ke6 64. Kg2 Rh1 $4 {[%mdl 8192]} (64... Rc3 $19 65. g5 Kf5) 65. Kg3 $4 {[%mdl 8192]} (65. Kxh1 {and all is fine.} Kd5 66. h6 Kd6 67. h7 Kc5 68. g5 Kd4 69. g6 Ke3 70. g7) 65... Ra1 $2 (65... Rf1 66. h6 Kf6 67. h7 Kg7 68. f5 Kxh7 69. Kg2 Rd1 70. Kf2 Rd3 71. Kg2 Rc3 72. g5 Kg7 73. Kf2 Rc5 74. f6+ Kf7 75. Ke2 Rxg5 76. Ke3 Kxf6 77. Kd4 Ke6 78. Ke3 Kd5 79. Kf3 Kd4 80. Kf4 Rd5 81. Kf3 Rf5+ 82. Kg4 Ke4 83. Kg3 Ke3 84. Kg4 Re5 85. Kg3 Re4 86. Kg2 Rg4+ 87. Kh3 Kf3 88. Kh2 Rh4+ 89. Kg1 Rh5 90. Kf1 Rh1#) 66. Kf3 $2 (66. Kg2 $19) 66... Kf6 $2 (66... Rg1 67. h6 Kf6 68. h7 Kg7 69. g5 Kxh7 70. Kf2 Ra1 71. Ke2 Ra3 72. f5 Kg7 73. Kd1 Rg3 74. f6+ Kf7 75. Kd2 Rxg5 76. Kc3 Kxf6 77. Kd4 Rg4+ 78. Ke3 Ke6 79. Kf3 Rd4 80. Ke2 Kf5 81. Ke3 Rd6 82. Kf2 Kf4 83. Ke2 Rd8 84. Kf2 Rd2+ 85. Ke1 Ke3 86. Kf1 Kf3 87. Kg1 Rd1+ 88. Kh2 Rf1 89. Kh3 Rh1#) 67. Ke4 $2 (67. Kf2 $19) 67... Kg7 68. g5 Ra4+ $2 (68... Rh1 69. h6+ Kg6 70. Kf3 Rg1 71. Ke3 Kf5 72. Kf2 Rg4 73. h7 Rh4 74. Ke1 Rxh7 75. Kd2 Rh3 76. Kc2 Kxf4 77. g6 Ke4 78. Kd2 Rg3 79. g7 Rg4 80. Kc3 Ke3 81. g8=B Rxg8 82. Kc4 Rg5 83. Kb3 Kd3 84. Kb4 Rh5 85. Kb3 Rh4 86. Kb2 Rb4+ 87. Ka3 Kc3 88. Ka2 Kc2 89. Ka3 Rf4 90. Ka2 Ra4#) 69. Kf5 $2 (69. Ke3 $19) 69... Ra5+ 70. Kg4 Ra7 $2 (70... Ra3 {mates} 71. Kh4 Ra1 72. Kg3 Rf1 73. Kg4 Rh1 74. h6+ Kg6 75. Kg3 Rg1+ 76. Kh3 Rb1 77. Kg2 Re1 78. Kf2 Rb1 79. Kg3 Rf1 80. Kg4 Rf2 81. Kg3 Rf1 82. Kg4 Rf2 83. Kg3 Rf1) 71. h6+ Kg6 $2 (71... Kh7 $19 {aiming for ...Ra3.} 72. Kg3 Ra4) 72. f5+ $11 {The position is equal.} Kh7 73. Kh5 Ra5 (73... Ra6 $5) 74. g6+ Kg8 75. Kg5 Rb5 76. h7+ Kg7 {[%mdl 32768] A wild game. Accuracy: White = 55%, Black = 45%. . Sensor Board Error (Ke4/e5)?} 0-1

[Event "Stay Safe Play From Home 292"]
[Site "Emanuel Lasker Arena"]
[Date "2020.07.10"]
[Round "7"]
[White "Bardellosport"]
[Black "Edmatuag"]
[Result "1-0"]
[WhiteElo "1953"]
[BlackElo "1635"]
[Annotator "TA"]
[PlyCount "73"]
[EventDate "2020.07.10"]
[EventType "swiss (blitz)"]

{[%evp 9,73,-21,14,3,13,2,15,7,10,2,14,-6,18,20,15,-53,-25,-122,-121,-124,351,181,440,434,785,792,29996,-720,-655,-886,-864,-1064,-844,-1789,-1758,-2272,-2353,-29990,-3475,-29989,-1916,-1846,-1819,-2031,-1949,-3106,-2572,-29986,-29987,-29989,-29990,-29991,-29991,-29991,-29992,-29993,-29992,-29995,-29991,-29994,-29993,-29997,-29994,-29994,-29988,-29988]} 1. d4 d5 2. e3 Nf6 3. f4 e6 4. Nf3 Bd6 5. Bd3 Bd7 6. Ne5 {D00: 1 d4 d5: Unusual lines.} c5 7. c3 Nc6 8. O-O {The position is equal.} O-O 9. Rf3 {[#]} g6 $146 ({Predecessor:} 9... Ne8 10. Bxh7+ Kh8 11. Rh3 Nf6 12. Bd3+ Kg8 13. g4 c4 14. Bc2 g6 15. g5 Nh5 16. Bxg6 Nxf4 17. exf4 fxg6 18. Nxg6 {0-1 (60) Einarson,E-Rubeksen,T Copenhagen 2000}) 10. Nd2 Nh5 11. g4 Ng7 12. Qf1 ({White should try} 12. Nxd7 $11 Qxd7 13. Rf2) 12... f6 13. Nxg6 (13. Nxd7 $11 Qxd7 14. dxc5 Bxc5 15. Nb3) 13... hxg6 $17 14. Bxg6 {And now Qh3 would win.} e5 $2 {[%mdl 8192]} (14... Ne7 $17 {and life is bright.} 15. Bc2 Kf7) 15. f5 (15. Qh3 $142 {[%csl Gg6][%cal Rh3h7]} Rf7 16. dxe5 Bxe5 17. e4 (17. fxe5 Nxe5 18. Bxf7+ Nxf7 $18)) 15... Be8 $2 (15... Qe7 {keeps fighting.}) 16. Qh3 $18 {[%csl Gg6][%cal Rh3h7]} Bxg6 (16... Rf7 $142 17. Qh7+ Kf8) 17. fxg6 {[%csl Gg6][%cal Rh3h7]} Re8 18. Rxf6 $4 {[%mdl 8192]} (18. Qh7+ {avoids the disaster.} Kf8 19. Qh8+ Ke7 20. Qxg7+ {[%mdl 64] Double Attack} Ke6 21. Qf7#) 18... Qxf6 $19 19. Qh7+ Kf8 {[%cal Re5d4]} 20. Nf1 Ke7 21. Bd2 Rh8 22. Qxh8 Rxh8 23. Ng3 {[#]} e4 (23... Qh4 $142 $1 24. b4 Qxh2+ {[%mdl 64] Double Attack} 25. Kf1 Qxg3 26. Ke2 Qg2+ 27. Kd1 Rh2 28. Kc2 Qxd2+ {[%mdl 64] Double Attack} 29. Kb3 b5 30. dxe5 Qb2#) 24. Rf1 {[#]} Bxg3 (24... Qh4 $142 $1 25. Rf7+ {[#]} Ke6 $1 {[%mdl 512]} 26. c4 Qxh2+ 27. Kf1 Bxg3 28. cxd5+ Kxd5 29. Rd7+ Ke6 $1 {[%mdl 512]} 30. d5+ Kxd7 31. dxc6+ bxc6 32. Be1 Qh1+ 33. Ke2 Qxe1#) 25. Rxf6 Bxh2+ 26. Kg2 Kxf6 27. Be1 Kxg6 28. c4 dxc4 {Black mates.} 29. d5 Ne5 30. Bc3 Kg5 31. d6 Kxg4 32. b4 Ne6 33. Kh1 {[#]} Nf3 $1 34. Kg2 Rh3 35. Bh8 Rg3+ 36. Kf2 {[#]} Rg2+ $1 {[%mdl 64] Discovered Attack} 37. Kxg2 {[%mdl 32768] Accuracy: White = 41%, Black = 38%. . Sensor Board Error (Ke4/e5)?} 1-0

[Event "Stay Safe Play From Home 292"]
[Site "Emanuel Lasker Arena"]
[Date "2020.07.10"]
[Round "7"]
[White "Haris kollari 13"]
[Black "Klasman"]
[Result "1-0"]
[WhiteElo "1712"]
[BlackElo "1368"]
[Annotator "NA"]
[PlyCount "53"]
[EventDate "2020.07.10"]
[EventType "swiss (blitz)"]

1. e4 {[%emt 0:00:01]} f5 {[%emt 0:00:01]} 2. e5 {[%emt 0:00:02]} d6 {[%emt 0:00:02]} 3. exd6 {[%emt 0:00:01]} cxd6 {[%emt 0:00:01]} 4. d4 {[%emt 0:00:01]} d5 {[%emt 0:00:02]} 5. Nf3 {[%emt 0:00:01]} e6 {[%emt 0:00:01]} 6. Bd3 {[%emt 0:00:01]} Nf6 {[%emt 0:00:01]} 7. c3 {[%emt 0:00:01]} Nc6 {[%emt 0:00:02]} 8. Bg5 {[%emt 0:00:02]} Bd6 {[%emt 0:00:02]} 9. Nbd2 {[%emt 0:00:02]} O-O {[%emt 0:00:01]} 10. Qe2 {[%emt 0:00:02]} Bd7 {[%emt 0:00:02]} 11. Ne5 {[%emt 0:00:01]} Bxe5 {[%emt 0:00:12]} 12. dxe5 {[%emt 0:00:02]} h6 {[%emt 0:00:01]} 13. exf6 {[%emt 0:00:01]} hxg5 {[%emt 0:00:02]} 14. fxg7 {[%emt 0:00:01]} Kxg7 {[%emt 0:00:02]} 15. O-O-O {[%emt 0:00:02]} Qf6 {[%emt 0:00:01]} 16. Kb1 {[%emt 0:00:01]} Ne5 {[%emt 0:00:02]} 17. Bc2 {[%emt 0:00:02]} b5 {[%emt 0:00:03]} 18. Rc1 {[%emt 0:00:01]} Nc4 {[%emt 0:00:01]} 19. Nxc4 {[%emt 0:00:02]} bxc4 {[%emt 0:00:01]} 20. Rce1 {[%emt 0:00:00]} a5 {[%emt 0:00:01]} 21. h4 {[%emt 0:00:02]} g4 {[%emt 0:00:02]} 22. f3 {[%emt 0:00:01]} a4 {[%emt 0:00:02]} 23. fxg4 {[%emt 0:00:01]} a3 {[%emt 0:00:03]} 24. b3 {[%emt 0:00:03]} cxb3 {[%emt 0:00:02]} 25. Bxb3 {[%emt 0:00:01]} Ba4 {[%emt 0:00:02]} 26. gxf5 {[%emt 0:00:02]} exf5 {[%emt 0:00:06]} 27. Bxd5 {[%emt 0:00:04] Time (Lag: Av=0.47s, max=1.1s)} 1-0

[Event "Stay Safe Play From Home 292"]
[Site "Emanuel Lasker Arena"]
[Date "2020.07.10"]
[Round "7"]
[White "UHU4"]
[Black "Greblah"]
[Result "0-1"]
[WhiteElo "1451"]
[BlackElo "1879"]
[Annotator "NA RC"]
[PlyCount "41"]
[EventDate "2020.07.10"]
[EventType "swiss (blitz)"]

{Manoc a, Calota} 1. e4 {[%emt 0:00:02]} c6 {[%emt 0:00:00]} 2. d4 {[%emt 0:00:02]} d5 {[%emt 0:00:00]} 3. exd5 {[%emt 0:00:01]} cxd5 {[%emt 0:00:01]} 4. Bd3 {[%emt 0:00:00]} Nc6 {[%emt 0:00:01]} 5. Nf3 {[%emt 0:00:00]} g6 {[%emt 0:00:01]} 6. c3 {[%emt 0:00:00]} Bg7 {[%emt 0:00:01]} 7. O-O {[%emt 0:00:01]} Nh6 {[%emt 0:00:00]} 8. Bg5 {[%emt 0:00:04]} f6 {[%emt 0:00:01]} 9. Bd2 {[%emt 0:00:02]} O-O {[%emt 0:00:01]} 10. Na3 {[%emt 0:00:01]} Nf7 {[%emt 0:00:02]} 11. Nc2 {[%emt 0:00:01]} e5 {[%emt 0:00:01]} 12. dxe5 {[%emt 0:00:04]} fxe5 {[%emt 0:00:01]} 13. Bb5 {[%emt 0:00:02]} e4 {[%emt 0:00:01]} 14. Nfd4 {[%emt 0:00:05]} Nxd4 {[%emt 0:00:01]} 15. Nxd4 {[%emt 0:00:02]} Bxd4 {[%emt 0:00:01]} 16. cxd4 {[%emt 0:00:01]} Qh4 {[%emt 0:00:02]} 17. g3 {[%emt 0:00:05]} Qh3 {[%emt 0:00:02]} 18. Re1 {[%emt 0:00:03]} Bg4 {[%emt 0:00:01]} 19. Be2 {[%emt 0:00:04]} Nh6 {[%emt 0:00:01]} 20. Bxg4 {[%emt 0:00:03]} Nxg4 {[%emt 0:00:01] Tiempo (Lag: Av=0.43s, max=0.5s) UHU4 reconnected.} 21. Qxg4 {[%emt 0:00:01]} 0-1

[Event "Stay Safe Play From Home 292"]
[Site "Emanuel Lasker Arena"]
[Date "2020.07.10"]
[Round "8"]
[White "Broken sword"]
[Black "Little champs"]
[Result "1-0"]
[WhiteElo "2508"]
[BlackElo "2275"]
[Annotator "TA"]
[PlyCount "129"]
[EventDate "2020.07.10"]
[EventType "swiss (blitz)"]

{[%evp 9,128,30,43,25,38,21,25,30,25,28,51,55,87,62,83,75,104,82,83,12,16,0,0,-14,0,0,0,-75,0,0,0,0,0,15,40,-109,15,-10,75,64,54,68,45,53,58,23,60,58,63,37,100,75,82,28,28,28,25,21,47,38,35,17,102,101,214,87,123,103,77,8,9,5,106,118,171,165,353,362,441,427,429,427,620,599,750,762,733,753,757,664,874,698,29983,29984,29984,29985,29985,29986,29988,29988,29989,29990,29990,29991,29991,29992,29992,29992,29992,29993,29993,29994,29994,29995,29995,29996,29996,29997,29998,29999,29999]} 1. e4 c6 2. d4 d5 3. exd5 cxd5 4. Nf3 e6 5. Bd3 Nf6 6. h3 {B13: Caro-Kann: Exchange Variation and Panov-Botvinnik Attack.} Be7 7. Bf4 O-O 8. O-O {White has an edge.} Nc6 9. c3 a6 10. Nbd2 b5 11. a3 Bb7 {[#]} 12. b4 $146 ({Predecessor:} 12. Qe2 Rc8 13. b4 Nb8 14. Bxb8 Rxb8 15. Nb3 Qc7 16. Nc5 Qf4 17. Qe5 Bd6 18. Qxf4 Bxf4 {1-0 (45) Zhou,R (1802)-Li,M Changsha 2019}) 12... Rc8 13. Rc1 Bd6 14. Bg5 (14. Bxd6 $16 Qxd6 15. Nb3) 14... h6 15. Bh4 e5 $36 {[%mdl 2048] White is under pressure.} 16. Bf5 Rc7 17. dxe5 Nxe5 18. Nb3 (18. Re1 $11 Re7 19. Re2) 18... Re8 ({Black should try} 18... Nxf3+ $1 $17 19. Qxf3 d4 $1 {[%mdl 512]}) 19. Nxe5 $11 Bxe5 20. Nc5 Bc8 21. Bxc8 Qxc8 22. Re1 {[#]} (22. Bxf6 $14 {stays ahead.} Bxf6 23. Qxd5) 22... g5 (22... Ne4 $1 $17 {[%mdl 512]} 23. Qxd5 (23. Nxe4 dxe4) 23... Nxc5 24. bxc5 Rxc5) 23. Bg3 (23. Rxe5 $5 Rxe5 24. Bg3 $11) 23... Rce7 (23... Bxg3 $11 24. fxg3 Ne4) 24. Bxe5 $16 Rxe5 25. Rxe5 Rxe5 26. Qd4 Rf5 27. Rd1 Kh7 28. f3 Kg7 29. Re1 Qc6 (29... Rf4 $14 30. Qe5 Rc4) 30. Nd3 {Threatens to win with Kf2.} (30. Re7 {with more complications.} Qd6 31. Ra7 h5 32. Rxa6 Qg3 33. Kf1) 30... Qc4 31. Ne5 ({White should play} 31. Re7 $16) 31... Qxd4+ $11 32. cxd4 {[%mdl 4096] Endgame KRN-KRN} Rf4 33. Rd1 Nh5 34. Kf2 Rf6 35. g3 Rd6 (35... a5 $1 $11 {remains equal.}) 36. Rc1 $16 Nf6 (36... f5 $16) 37. Rc5 (37. Rc7 $18) 37... Nd7 38. Nxd7 Rxd7 {KR-KR} 39. Ke3 (39. Rc6 $16) 39... Rd6 $11 40. f4 gxf4+ (40... Re6+ $11 {keeps the balance.} 41. Kf3 gxf4) 41. Kxf4 $16 {Black is now going downhill.} Kf6 (41... Rf6+ $16 {keeps fighting.} 42. Ke5 Rf3) 42. g4 $18 Re6 $2 (42... Ke6 43. h4 Ke7) 43. Rxd5 Re1 44. Rd6+ Kg7 45. Rxa6 Rf1+ (45... Rh1 $142 46. d5 Rxh3) 46. Ke5 Re1+ 47. Kd5 Rh1 48. Kc5 Rxh3 49. d5 Rg3 50. d6 {And now d7 would win.} Rxg4 51. d7 {White mates.} Rg5+ 52. Kc6 Rg6+ 53. Kb7 Rxa6 54. Kxa6 {K3P-K3P} h5 55. d8=Q h4 56. Qxh4 f5 57. Kxb5 Kf7 58. Qg5 Ke6 59. Kc5 Ke5 60. b5 Ke4 61. b6 f4 62. b7 f3 63. b8=Q {[%cal Rb8b1]} f2 64. Qb1+ Kf3 65. Qd3# {Accuracy: White = 63%, Black = 43%.} 1-0

[Event "Stay Safe Play From Home 292"]
[Site "Emanuel Lasker Arena"]
[Date "2020.07.10"]
[Round "8"]
[White "AChessPlayer"]
[Black "MarkonY"]
[Result "0-1"]
[WhiteElo "2407"]
[BlackElo "2294"]
[Annotator "TA"]
[PlyCount "170"]
[EventDate "2020.07.10"]
[EventType "swiss (blitz)"]

{[%evp 9,169,31,37,39,89,75,80,83,76,86,88,62,72,68,81,66,73,31,59,58,79,64,89,97,85,50,97,39,24,0,0,-2,0,0,0,3,12,12,51,14,18,7,76,27,27,30,26,31,49,-12,-12,-8,-9,-18,0,0,0,-18,-18,-18,-8,-49,0,0,0,0,0,-72,0,-18,-18,-18,-18,-13,415,0,166,165,2746,-2185,-2214,-2269,-2302,-1866,-1767,-2149,-1720,-2201,-4420,-5112,-4132,-4132,-2547,-29980,-2210,-29973,-5620,-29974,-29975,-29975,-29976,-29976,-29977,-29978,-29979,-29979,-29980,-29983,-29984,-29984,-29985,-29985,-29986,-29986,-29982,-29986,0,-29985,0,-29986,-29987,-29989,-29990,-29995,-29992,-29995,-29994,-29994,-29992,-29994,-29988,-29987,-29987,-29990,-29991,-29991,-29992,-29992,-29992,-29993,-29994,-29994,-29995,-29995,-29994,-29994,-29994,-29995,-29995,-29995,-29996,-29996,-29997,-29997,-29997,-29998,-29997,-29997,-29998,-29998,-29999,-29999]} 1. e3 c5 2. Nf3 g6 3. Be2 Bg7 4. d4 Nc6 5. c4 cxd4 6. exd4 {A04: Unusual lines after 1 Nf3 and King's Indian Attack.} d5 {[#]} 7. cxd5 $1 Qxd5 {[%cal Rc6d4]} 8. Nc3 {White is better.} Qd8 9. d5 Nb8 10. O-O Nf6 11. Bf4 {Strongly threatening Nb5.} O-O 12. Qd2 {[#]} a6 $146 ({Predecessor:} 12... Bg4 13. h3 Bxf3 14. Bxf3 Nbd7 15. Rfe1 Nb6 16. Rad1 Qd7 17. Qe2 Rfe8 18. Nb5 Nfxd5 {½-½ (54) Jentsch,D (2291)-Kernazhitsky,L (2367) Zalakaros 2001}) 13. Bh6 Nbd7 14. Rad1 Nc5 15. Rfe1 b5 16. Bxg7 Kxg7 17. Qd4 Ncd7 18. Ng5 (18. g4 $16 Kg8 19. g5) 18... Qb6 $14 19. Qh4 h6 20. Nge4 b4 21. Nxf6 Nxf6 22. Ne4 Nxe4 23. Qxe4 Qd6 24. h4 Bf5 25. Qd4+ Qf6 (25... e5 $11 26. dxe6+ Qxd4 27. Rxd4 Bxe6) 26. h5 ({Much worse is} 26. Qxb4 $6 Rfb8 $11) 26... Qxd4 27. Rxd4 a5 28. g4 Bd7 29. f4 (29. hxg6 $14 fxg6 30. Bc4) 29... gxh5 $11 30. gxh5 Kf6 31. Kf2 Rg8 32. d6 {Hoping for dxe7.} e6 33. Bf3 Rac8 34. Re2 Rc5 35. a3 Rb8 36. axb4 $1 axb4 37. Ke3 b3 38. Be4 (38. Red2 $11) 38... Rb6 (38... Rxh5 $17 39. Rf2 Rh3+ 40. Rf3 Rh2) 39. Red2 Rxh5 40. Rc4 {Rc7 is the strong threat.} Rh3+ 41. Bf3 {Threatens to win with Rc7.} h5 $2 {[%mdl 8192]} (41... e5 $11 {and Black is okay.}) 42. Kf2 $2 ({White has to play} 42. Rc7 $18) 42... Rh2+ $2 (42... Rb8 $11 {and Black has nothing to worry.}) 43. Bg2 $18 Bc6 $2 {[#]} (43... Rh4) 44. Kg1 $4 {[%mdl 8192]} (44. Rxc6 $1 $18 {[%mdl 512]} Rb8 (44... Rxc6 45. d7) 45. Kg3 Rxg2+ 46. Kxg2) 44... Rxg2+ $19 45. Rxg2 Bxg2 {[%mdl 4096] Endgame KRB-KR} 46. d7 Rd6 47. Kxg2 Rxd7 {KR-KR} 48. Kg3 Rd3+ 49. Kh4 Rd2 50. Rb4 Rxb2 51. Kxh5 Kf5 (51... Rb1 $142 52. f5 Kxf5 53. Kh4 b2 54. Kg3 Rg1+ 55. Kf3 b1=Q 56. Rxb1 Rxb1 57. Ke2 e5 58. Ke3 e4 59. Kd2 Kf4 60. Kc3 Rb8 61. Kd4 e3 62. Kd5 e2 63. Kd6 e1=Q 64. Kc7 Qb4 65. Kd7 Qb6 66. Ke7 Qe6#) 52. Kh4 f6 (52... Rb1 $142 53. Kg3 b2 54. Kg2 Kg4 55. Kh2 Kf3 56. Rb7 Kxf4 57. Rxf7+ Ke3 58. Rb7 e5 59. Kg2 e4 60. Rb8 Kd2 61. Rd8+ Ke2 62. Rb8 e3 63. Kh2 Kd3 64. Rd8+ Kc4 65. Rc8+ Kd4 66. Rd8+ Kc5 67. Re8 Rf1 68. Rc8+ Kd6 69. Rd8+ Kc7 70. Rg8 b1=Q 71. Rg7+ Kd6 72. Rg8 Rf2+ 73. Rg2 Qe4 74. Kh3 Qxg2+ 75. Kh4 Qg1 76. Kh5 Rh2#) 53. Kg3 Rb1 54. Kf2 b2 55. Kg2 Kg4 56. f5+ Kxf5 57. Rb3 e5 58. Rb7 Kf4 59. Rb4+ e4 60. Rb6 f5 61. Rb8 Kg4 62. Rb4 Kf4 $2 (62... f4 {mates} 63. Rb8 e3 64. Rg8+ Kf5 65. Rb8 e2 66. Rf8+ Kg6 67. Rg8+ Kf7 68. Rc8 e1=Q 69. Rc7+ Kg6 70. Rc6+ Kh5 71. Rc5+ Kh4 72. Rh5+ Kxh5 73. Kf3 Qe3+ 74. Kg2 Qg3#) 63. Rb3 $2 {[%mdl 8192]} (63. Rb8 $11 Ke3 64. Rb3+ Ke2 65. Rb5) 63... Kg4 64. Rb4 $1 f4 {Black mates.} 65. Rb3 e3 66. Kh2 Rc1 67. Rb4 Kf3 68. Rxb2 Rd1 69. Rb8 Rd2+ 70. Kh3 Ke2 71. Rg8 f3 72. Rf8 f2 73. Kg3 Rd1 74. Kg4 Rg1+ 75. Kh4 f1=Q 76. Rxf1 Rxf1 {KR-K} 77. Kh5 Rf2 78. Kh6 Kf1 79. Kg6 e2 80. Kg5 e1=Q 81. Kg4 Qe2+ 82. Kh3 Qf3+ 83. Kh4 Qg2 84. Kh5 Rf3 {[%cal Rf3h3]} 85. Kh6 Rh3# {Accuracy: White = 66%, Black = 66%.} 0-1

[Event "Stay Safe Play From Home 292"]
[Site "Emanuel Lasker Arena"]
[Date "2020.07.10"]
[Round "8"]
[White "SoulofWolf"]
[Black "UHU4"]
[Result "1-0"]
[WhiteElo "2237"]
[BlackElo "1449"]
[Annotator "TA"]
[PlyCount "75"]
[EventDate "2020.07.10"]
[EventType "swiss (blitz)"]

{[%evp 9,75,185,319,267,275,160,159,106,134,126,209,169,215,186,252,126,138,81,122,114,91,70,81,88,97,58,58,41,53,-8,210,158,321,267,283,27,44,-105,-97,-255,-201,-214,-212,-292,-276,-251,-139,-168,-60,-243,156,-218,363,52,445,177,743,444,29995,1094,29995,1377,1903,1912,1387,1533,1316,1235]} 1. e4 f6 2. Nc3 Kf7 3. f4 g6 4. Nf3 {[#]} Bg7 $146 ({Predecessor:} 4... Nh6 5. Bc4+ e6 6. O-O Kg7 7. d4 Nf7 8. Be3 Bb4 9. d5 Bxc3 10. bxc3 exd5 11. Qxd5 {1-0 (63) Dubreuil,N-Deunette,P France 1989}) 5. d4 h6 (5... c6 $142 6. Bc4+ e6) 6. Be3 {B00: Queen's Fianchetto Defence, Nimzowitsch Defence.} e6 7. Bb5 (7. d5 $18) 7... Ne7 8. Ba4 ({White should play} 8. e5) 8... c6 9. Bb3 Re8 (9... d5 $16) 10. Qd2 Kf8 11. O-O-O h5 (11... d5 $142 12. e5 Nd7) 12. h4 (12. h3 $18) 12... d5 $16 13. Rhg1 (13. e5 $142 $1) 13... b5 14. e5 $1 f5 15. Ne2 Nd7 {[%cal Bb8d7,Bd7b6,Bb6c4][%mdl 32]} 16. Ng5 $36 {[%mdl 2048] White is in control.} Nb6 17. c3 Nc4 18. Bxc4 bxc4 19. Ng3 (19. Nh7+ $14 Kf7 20. Qc2) 19... Rb8 $2 (19... Ng8 $11) 20. Qe2 Qb6 $2 (20... Qa5 $16) 21. Rd2 Ng8 {[#]} 22. Rc2 $2 (22. Nxh5 $1 $18 {[%mdl 512]} Qa5 (22... gxh5 23. Qxh5) 23. Nh7+ Kf7 24. a3) 22... Nh6 23. a3 (23. Nxh5 $1 $14 gxh5 24. Qxh5) 23... Ng4 $17 24. Bd2 $2 (24. Nh1 $17 {might work better.}) 24... a5 25. Nf1 Qb3 26. Be1 Ba6 27. Ne3 Rb7 (27... Bb5 $19 {aiming for ...Nxe3.} 28. Nxg4 hxg4) 28. Nxg4 hxg4 (28... fxg4 $19 29. Kd2 Qxb2 $1 {[%mdl 512]} 30. Rxb2 Rxb2+ 31. Ke3 Rxe2+ 32. Kxe2 Ke7) 29. g3 $2 ({Better is} 29. Kb1 $15) 29... Reb8 $2 (29... Bb5 $19 {Strongly threatening ...Qa2.} 30. Kb1 Ba4) 30. Rg2 $2 {[#]} (30. Nxe6+ $16 {is forced if you want to stay better.} Ke7 31. Nc5 (31. Nxg7 Qa2 $11)) 30... Qa4 $4 {[%mdl 8192]} (30... Qa2 $1 $19 {[%cal Ra2a1] and all is fine.} 31. Kd2 Rxb2) 31. Rh2 $2 ({Only move:} 31. Nxe6+ $18 Kf7 32. Nc5 {[%mdl 64] Double Attack}) 31... Qb5 $2 {[%mdl 8192]} (31... Re7 $14) 32. h5 $2 (32. Nxe6+ Kf7 33. Nxg7 Kxg7 34. h5) 32... gxh5 $2 (32... Re7 33. hxg6 c5 34. dxc5 Kg8) 33. Rxh5 Bxe5 (33... Re8 $18 34. Qh2 c5) 34. Nh7+ (34. Qxe5 $142 Rg7 35. Nxe6+ {[%mdl 64] Double Attack} Ke8 36. Qxg7 Qxb2+ 37. Rxb2 Rxb2 38. Rh8#) 34... Kg7 35. fxe5 (35. Qxe5+ $142 Kf7 36. Ng5+ {[%mdl 64] Double Attack} Kg6 37. Qxe6+ Kg7 38. Qh6+ Kg8 39. Qh8#) 35... Qxb2+ {White is clearly winning.} 36. Rxb2 Rxb2 37. Qxb2 Rxb2 38. Kxb2 {Accuracy: White = 17%, Black = 28%.} 1-0